| 000 | 00911cam a2200277 4500 | ||
|---|---|---|---|
| 008 | 090401t1994 xxu||||| |||| 00| 0 eng d | ||
| 020 | _a0406165076 | ||
| 035 | _a(Sirsi) u41920 | ||
| 041 | _aeng | ||
| 050 | _a692.8 | ||
| 100 | _aHoltham, Diana | ||
| 245 | _aBerrymans` building claims cases. | ||
| 260 |
_aLondon _bButterworths _c1994 |
||
| 300 | _axliii,700p. ; 25cm. | ||
| 350 | _a120 | ||
| 520 | _aThe book, written by two partners at Berrymans, is intended for contractors and other construction professionals and consists if case summaries arranged in five sections, contract, tort, procedure, remedies and insurance. | ||
| 650 | _aBUILT ENVIRONMENT-BUILDING CONTRACT FORMS | ||
| 650 | _aCONTRACT | ||
| 650 | _aLAW CASES | ||
| 650 | _aLAW | ||
| 650 | _aTORT | ||
| 690 | _aBUILT ENVIRONMENT-BUILDING CONTRACT FORMS | ||
| 700 | _aTaylor, Paul J. | ||
| 942 | _n0 | ||
| 948 | _c04/03/1997 | ||
| 999 |
_c91003 _d91003 |
||